000 00546cam a2200205ua 4500
020 _a0-85226-141-1
_c150.00
041 _aeng
_h
082 _a546
_bCOT/AD
100 _aCotton, Albert F .
245 _aAdvanced inorganic chemistry: A comprehensive text /
_cAlbert F Cotton.
_hTextual Documents
250 _a16 /
_b.
260 _aNew Delhi :
_bWiley Eastern Ltd ,
_c1993.
300 _a1145 ; .
365 _a150.00
500 _a*CSS
504 _a
700 1 _aWilkinson, Geoffrey .
942 _cBK
999 _c7186
_d7186